00613nam a22001097a 4500040000800000082002700008100004900035245035200084260002600436300002400462856001700486 cRUA aFOR KHO 2015 B544 Or.1 aKHOT CHESDA; ឃុត​ ចេស្តា aStudy on asian wild pig conservation at phnom tamao zoological park and wildlife rescue center; ការសិក្សាពីការអភិរក្សសត្វព្រៃនៅក្នុងឧទ្យាសួនសត្វ និងមជ្ឈមណ្ឌលសង្គ្រោះសត្វព្រៃ ភ្នំពេញ aPHNOM PENHbKHOc2015 ax;38p.bill.c29cm. u KHOT CHESDA